Datum a čas kvízu
40.5
Celkem bodů
Celkový počet nahraných bodů na tomto kvízu bez doplňovacích otázek.
3.
Pořadí na kvízu
Konečné umístění týmu na tomto kvízu.
Zaznamenané odpovědi
| # | Otázka | Odpověď | Body | Výsledky |
|---|---|---|---|---|
| 1. | Na prvního Máje se konal jubil... | za porušení nočního klidu | 1 | |
| 2. | Banksy minulý týden nainstalov... | vlajku/prapor | 0 | |
| 3. | Která fiktivní česká loutková... | Hurvínek | 0 | |
| 4. | V arménském hlavním městě Jere... | o osla | 1 | |
| 5. | Minulý týden skončilo mistrovs... | třetí | 1 | |
| 6. | Ve filmu Sedm sledujeme detekt... | závist (J. Doe), hněv (detektiv Mills) | 1 | |
| 7. | Tato fotka je známým interneto... | Americké psycho | 1 | |
| 8. | Postava Karla Kopfrkingla je p... | chrám smrti | 1 | |
| 9. | Přiřaďte zločince k jejich fil... | 1A 2C 3D 4B | 1 | |
| 10. | Mladý syn se poprvé přímo zapo... | Kmotr, Mario Puzo | 1 |